| 000 | 00943nam a2200193Ia 4500 | ||
|---|---|---|---|
| 008 | 151121s9999||||xx |||||||||||||| ||und|| | ||
| 082 | _a614।5/मराठे | ||
| 082 | _bHNW-113555 | ||
| 100 | _aमराठे विनोद | ||
| 245 | _aहार्ट अटॅक व परालसीसवर शार्प सुवेद संयुक्त उपचार पध्दती | ||
| 260 | _b"दिल्ली, दिल्ली।" | ||
| 260 | _c2013 | ||
| 300 | _a246 | ||
| 600 | _aमराठे विनोद | ||
| 630 | _aहार्ट अटॅक व परालसीसवर शार्प सुवेद संयुक्त उपचार पध्दती | ||
| 700 | _aमराठे विनोद | ||
| 730 | _aहार्ट अटॅक व परालसीसवर शार्प सुवेद संयुक्त उपचार पध्दती | ||
| 942 | _cBOOK | ||
| 999 |
_c1262658 _d1262655 |
||